000 01761cam a22004338i 4500
001 21658555
005 20210217134616.0
008 200808s2021 mnu j b 001 0 eng
010 _a 2020036380
020 _a9781977131713
_q(hardcover)
020 _a9781977132789
_q(paperback)
020 _z9781977155382
_q(pdf)
020 _z9781977157003
_q(kindle edition)
040 _aDLC
_beng
_erda
_cDLC
_dDLC
042 _apcc
050 0 0 _aQL617.2
_b.D53 2021
082 0 0 _a597
_223
092 _aE Ocean Dic
100 1 _aDickmann, Nancy,
_eauthor.
_95903118
245 1 0 _aWhy don't fish have eyelashes? :
_banswering kids' questions /
_cby Nancy Dickmann.
263 _a2112
264 1 _aNorth Mankato, Minnesota :
_bPebble,
_c[2021]
300 _a24 pages
336 _atext
337 _aunmediated
338 _avolume
490 0 _aQuestions and answers about animals
504 _aIncludes bibliographical references and index.
520 _a"You have eyelashes. Your dog has eyelashes. But fish don't! Why? You have questions, and this book has the answers. Find out about fish, including their body parts and behavior"--
521 _aAges 6-8
_bPebble
521 _aGrades 2-3
_bPebble
650 0 _aFishes
_xMiscellanea
_vJuvenile literature.
_96406000
650 0 _aFishes
_xAnatomy
_vJuvenile literature.
_96406001
650 0 _aFishes
_xBehavior
_vJuvenile literature.
_95738283
776 0 8 _iOnline version :
_aDickmann, Nancy,
_tWhy don't fish have eyelashes?
_dNorth Mankato : Pebble, 2021.
_z9781977155382
_w(DLC) 2020036381
906 _a7
_brip
_corignew
_d1
_eecip
_f20
_gy-gencatlg
942 _2ddc
_cBOOK
999 _c358667
_d358667